000 01082nam0a22002411i 4500
001 rc\3502532
005 20240726093158.0
021 _aRU
_b[73-17556а]
035 _a(NLR Aleph) 007613662
090 _a5845219
_c5845219
100 _a20130115d1973 |||y0rusy50 ca
101 0 _arus
102 _aRU
105 _ay di |||||
200 1 _aЭкономико-статистический анализ специализации и концентрации сельскохозяйственного производства
_e(На примере колхозов и совхозов Гальск. и Очамчир. р-нов Абхаз. АССР)
_eАвтореф. дис. на соиск. учен. степени канд. экон. наук
_e(08.00.05)
_fГруз. с.-х. ин-т
210 _aТбилиси
_d1973
215 _a58 с.
320 _aСписок работ авт.: с. 58 (9 назв.)
700 1 _aБения
_bШ.Н.
_gШалери Николаевич
801 0 _aRU
_bNLR
_gpsbo
801 1 _aRU
_bELAR
_2rusmarc
852 _aNLR
_j73-6/9818
942 _cBOOK